Library Banner

Local government in Pakistan (Record no. 28740)

MARC details
000 -LEADER
fixed length control field 00549nam a2200181Ia 4500
001 - CONTROL NUMBER
control field 28613
008 - FIXED-LENGTH DATA ELEMENTS--GENERAL INFORMATION
fixed length control field 140415s9999 xx 000 0 und d
020 ## - INTERNATIONAL STANDARD BOOK NUMBER
International Standard Book Number 969-407-249-2
040 ## - CATALOGING SOURCE
Transcribing agency PK-LaUMT
082 ## - DEWEY DECIMAL CLASSIFICATION NUMBER
Classification number 320.954918309034
Item number MUH-L
100 ## - MAIN ENTRY--PERSONAL NAME
Personal name Muhammad Abuzar Wajidi
245 ## - TITLE STATEMENT
Title Local government in Pakistan
Remainder of title a case study of K.M.C. (1842-1988)
Statement of responsibility, etc Muhammad Abuzar Wajidi
260 ## - PUBLICATION, DISTRIBUTION, ETC. (IMPRINT)
Place of publication, distribution, etc Karachi,Pakistan:
Name of publisher, distributor, etc Royal Book Company,
Date of publication, distribution, etc 2000
300 ## - PHYSICAL DESCRIPTION
Extent 312 p.
546 ## - LANGUAGE NOTE
Language note EN
650 ## - SUBJECT ADDED ENTRY--TOPICAL TERM
Topical term or geographic name as entry element Karachi-Politics and Government 20th century
942 ## - ADDED ENTRY ELEMENTS (KOHA)
Koha item type Books
Holdings
Withdrawn status Lost status Damaged status Not for loan Home library Current library Date acquired Total Checkouts Total Renewals Full call number Barcode Date last seen Date checked out Price effective from Koha item type
        UMT Main Campus UMT Main Campus 2014-04-15 6 1 320.954918309034 MUH-L 34440 2023-01-21 2023-01-18 2014-04-25 Books